| 000 -LEADER | |
|---|---|
| fixed length control field | 00538nam a22001817a 4500 |
| 005 - DATE AND TIME OF LATEST TRANSACTION | |
| control field | 20240920135651.0 |
| 008 - FIXED-LENGTH DATA ELEMENTS--GENERAL INFORMATION | |
| fixed length control field | 240918b |||||||| |||| 00| 0 eng d |
| 020 ## - INTERNATIONAL STANDARD BOOK NUMBER | |
| ISBN | 978-93-88280-71-6 |
| 041 ## - LANGUAGE CODE | |
| Language code of text/sound track or separate title | eng |
| 082 ## - DEWEY DECIMAL CLASSIFICATION NUMBER | |
| Classification number | 615.7 |
| 100 ## - MAIN ENTRY--AUTHOR NAME | |
| Personal name | GUPTA, DR.R.D. & KIRTANE, DR. SANTOSH AND BABAR, DR. VISHAL BHARAT |
| 245 ## - TITLE STATEMENT | |
| Title | MEDICINAL CHEMISTRY - I [B.PHARMA, 4TH SEMESTER ] |
| 250 ## - EDITION STATEMENT | |
| Edition statement | 2ND, RE-PRINT ED, 2023 . |
| 260 ## - PUBLICATION, DISTRIBUTION, ETC. (IMPRINT) | |
| Place of publication | LUCKNOW |
| Name of publisher | THAKUR PUBLISHERS PVT.LTD |
| 300 ## - PHYSICAL DESCRIPTION | |
| Number of Pages | 208;P |
| 650 ## - SUBJECT ADDED ENTRY--TOPICAL TERM | |
| Topical Term | PHARMACY |
| General subdivision | B.PHARMA |
| 942 ## - ADDED ENTRY ELEMENTS (KOHA) | |
| Koha item type | Books |
| Lost status | Damaged status | Collection code | Home library | Current library | Shelving location | Date acquired | Source of acquisition | Cost, normal purchase price | Full call number | Accession Number | Koha item type |
|---|---|---|---|---|---|---|---|---|---|---|---|
| PHARMACY | JRU Library | JRU Library | SHELF-18-B | 13/09/2024 | PURCHASE | 185.00 | 615.7 | 28466 | Books | ||
| PHARMACY | JRU Library | JRU Library | SHELF-18-B | 13/09/2024 | PURCHASE | 185.00 | 615.7 | 28467 | Books | ||
| PHARMACY | JRU Library | JRU Library | SHELF-18-B | 13/09/2024 | PURCHASE | 185.00 | 615.7 | 28468 | Books |